000 01615nam0a2200337 4500
001 RU\NLR\BIBL_A\011945912
005 20190320112523.0
010 _a978-5-907146-04-4
_9100
021 _aRU
_bКН-П-19-005355
_9КН-П-19-0398
035 _a(NLR Aleph) 011945912
035 _a(RuMoRGB)009878627
090 _a11118497
_c11118497
100 _a20190225d2018 u y0rusy50 ca
101 0 _arus
102 _aRU
105 _aa|||z|||000zy
200 1 _aОсновы обработки информации средствами MS Excel
_fМинистерство образования и науки РФ, ФГБОУ ВО "Тульский государственный педагогический университет им. Л. Н. Толстого"
_g[составители: Родионова Ольга Владимировна и др.]
210 _aТула
_cТППО
_d2018
215 _a99 с.
_cил., табл.
_d20
313 _aТабличный процессор EXCEL
320 _aБиблиогр.: с. 96-97 (27 назв.)
606 1 _aMICROSOFT EXCEL, электронные таблицы
_2nlr_sh1
_2nlr_sh2
_3RU\NLR\AUTH\661245948
686 1 _aЗ973.233-018.2
702 1 _aРодионова
_bО. В.
_gОльга Владимировна
_4220
712 0 2 _aТульский государственный педагогический университет им. Л. Н. Толстого
_3RU\NLR\AUTH\8810024887
_4570
942 _cBOOK
980 _aNBR
980 _aNB